[Event "Tenerife-chT Preferente"]
[Site "Tenerife"]
[Date "2023.04.15"]
[Round "10.3"]
[White "Iglesias Santos, Rodrigo"]
[Black "Machado Quintero, Gabriel"]
[Result "1-0"]
[WhiteElo "1932"]
[BlackElo "1607"]
[PlyCount "45"]
[EventDate "2023.01.14"]
[EventType "team-tourn"]
[EventRounds "14"]
[EventCountry "ESP"]
[SourceTitle "EXT 2024"]
[Source "ChessBase"]
[SourceDate "2023.10.10"]
[SourceVersion "1"]
[SourceVersionDate "2023.10.10"]
[SourceQuality "1"]
[WhiteTeam "Circulo de Amistad XII Enero"]
[BlackTeam "Puerto de la Cruz Piratas"]
[WhiteTeamCountry "ESP"]
[BlackTeamCountry "ESP"]

1. e4 d5 2. exd5 Qxd5 3. Nc3 Qd6 4. d4 c6 5. Nf3 Nf6 6. Be2 Bg4 7. 0-0 e6 8. h3 Bh5 9. Bg5 Nbd7 10. Qd2 Be7 11. a3 Nd5 12. Ne4 Qc7 13. Bxe7 Nxe7 14. c4 a5 15. b4 axb4 16. axb4 0-0 17. Qg5 Bg6 18. Rxa8 Rxa8 19. Qxe7 Bxe4 20. Ne5 Rd8 21. Nxf7 Rf8 22. Ne5 Rd8 23. Qxe6+ 1-0

[Event "Tenerife-chT Preferente"]
[Site "Tenerife"]
[Date "2023.02.11"]
[Round "5.3"]
[White "Machado Quintero, Gabriel"]
[Black "Hernandez Leon, Sergio"]
[Result "0-1"]
[WhiteElo "1607"]
[BlackElo "2178"]
[PlyCount "40"]
[EventDate "2023.01.14"]
[EventType "team-tourn"]
[EventRounds "14"]
[EventCountry "ESP"]
[SourceTitle "EXT 2024"]
[Source "ChessBase"]
[SourceDate "2023.10.10"]
[SourceVersion "1"]
[SourceVersionDate "2023.10.10"]
[SourceQuality "1"]
[WhiteTeam "Puerto de la Cruz Piratas"]
[BlackTeam "Ebano Barrio Nuevo"]
[WhiteTeamCountry "ESP"]
[BlackTeamCountry "ESP"]

1. e4 g6 2. d4 Bg7 3. Nf3 c6 4. Bd3 d5 5. exd5 cxd5 6. 0-0 Nc6 7. c3 e6 8. Bf4 Nge7 9. Qc2 0-0 10. Nbd2 b6 11. Rfe1 Bb7 12. Ne5 Rc8 13. Ndf3 Nb4 14. Qd2 Nxd3 15. Qxd3 Nf5 16. a4 f6 17. Ng4 Re8 18. Qd2 Nd6 19. Bh6 Ne4 20. Qc2 f5 0-1

[Event "Tenerife-chT Preferente"]
[Site "Tenerife"]
[Date "2022.03.26"]
[Round "7.3"]
[White "Machado Quintero, Gabriel"]
[Black "Aguirre Lorenzo, Luis Francisco"]
[Result "0-1"]
[WhiteElo "1520"]
[BlackElo "1859"]
[PlyCount "118"]
[EventDate "2022.01.29"]
[EventType "team-tourn"]
[EventRounds "14"]
[EventCountry "ESP"]
[SourceTitle "EXT 2024"]
[Source "ChessBase"]
[SourceDate "2023.10.10"]
[SourceVersion "1"]
[SourceVersionDate "2023.10.10"]
[SourceQuality "1"]
[WhiteTeam "Piratas La Orotava"]
[BlackTeam "Circulo de Amistad XII Enero"]
[WhiteTeamCountry "ESP"]
[BlackTeamCountry "ESP"]

1. e4 c5 2. Nf3 Nc6 3. g3 g6 4. Bg2 Bg7 5. 0-0 Nf6 6. Nc3 0-0 7. d3 d6 8. h3 Rb8 9. a4 a6 10. Be3 e5 11. Qd2 Nd4 12. Kh2 b5 13. axb5 axb5 14. b3 Bd7 15. Ne2 Qc8 16. Nexd4 cxd4 17. Bg5 Qc5 18. Ra2 Ra8 19. Rfa1 Rxa2 20. Rxa2 Rc8 21. Qa5 h6 22. Bd2 Qc7 23. Qxc7 Rxc7 24. Bb4 Ne8 25. Ne1 Bf8 26. Ra8 h5 27. h4 Rb7 28. Bh3 Nc7 29. Rd8 Bxh3 30. Kxh3 Ne6 31. Rc8 Nc5 32. Bd2 Nd7 33. Bh6 Rb8 34. Rxb8 Nxb8 35. Bd2 Nc6 36. f4 f6 37. g4 hxg4+ 38. Kxg4 Bh6 39. Ng2 Kf7 40. Be1 Ne7 41. Bb4 Ke6 42. Bd2 f5+ 43. Kf3 d5 44. exf5+ Kxf5 45. Bb4 Nc6 46. Bd6 e4+ 47. Kg3 Bg7 48. Bc7 Bf6 49. Bd6 Be7 50. Bc7 Bb4 51. Bb6 Bc3 52. Bc7 Nb4 53. Kf2 Nxc2 54. Bd8 Nb4 55. dxe4+ dxe4 56. Ke2 Nd5 57. Bg5 d3+ 58. Kf2 Bd4+ 59. Ke1 e3 0-1

[Event "Tenerife-chT Preferente"]
[Site "Tenerife"]
[Date "2022.03.05"]
[Round "5.3"]
[White "Machado Quintero, Gabriel"]
[Black "Kraus, Oliver"]
[Result "1-0"]
[WhiteElo "1520"]
[BlackElo "1801"]
[PlyCount "91"]
[EventDate "2022.01.29"]
[EventType "team-tourn"]
[EventRounds "14"]
[EventCountry "ESP"]
[SourceTitle "EXT 2024"]
[Source "ChessBase"]
[SourceDate "2023.10.10"]
[SourceVersion "1"]
[SourceVersionDate "2023.10.10"]
[SourceQuality "1"]
[WhiteTeam "Piratas La Orotava"]
[BlackTeam "Rey Ahogado"]
[WhiteTeamCountry "ESP"]
[BlackTeamCountry "ESP"]

1. e4 c5 2. Nf3 d6 3. g3 Nf6 4. d3 g6 5. Bg2 Bg7 6. 0-0 Nc6 7. Nc3 Rb8 8. a4 0-0 9. Be3 e5 10. h3 a6 11. Qd2 Nd4 12. Kh2 b5 13. axb5 axb5 14. Ne2 Qc7 15. Nfxd4 cxd4 16. Bg5 Ne8 17. c3 dxc3 18. bxc3 Be6 19. f4 f5 20. Qe3 b4 21. Ra7 Qc5 22. Qxc5 dxc5 23. Be7 Rf7 24. cxb4 cxb4 25. exf5 gxf5 26. fxe5 Bxe5 27. d4 Bc4 28. dxe5 Bxe2 29. Bd5 Rb5 30. Bxf7+ Kxf7 31. Bxb4+ Kg6 32. Re1 Bd3 33. Bc3 Rc5 34. Ra3 Nc7 35. Bd2 Be4 36. Rc1 Rxc1 37. Bxc1 Ne6 38. Ra6 Kf7 39. g4 fxg4 40. hxg4 Nc5 41. Ra5 Nd3 42. Be3 Ke6 43. Bd4 Bg6 44. Kg3 Bf7 45. Kf3 h5 46. Ke3 1-0

[Event "Tenerife-chT Preferente"]
[Site "Tenerife"]
[Date "2021.09.25"]
[Round "12.3"]
[White "Machado Quintero, Gabriel"]
[Black "Kraus, Oliver"]
[Result "0-1"]
[WhiteElo "1481"]
[BlackElo "1878"]
[PlyCount "116"]
[EventDate "2021.02.27"]
[EventType "team-tourn"]
[EventRounds "14"]
[EventCountry "ESP"]
[SourceTitle "EXT 2023"]
[Source "ChessBase"]
[SourceDate "2022.10.05"]
[SourceVersion "1"]
[SourceVersionDate "2022.10.05"]
[SourceQuality "1"]
[WhiteTeam "Piratas La Orotava"]
[BlackTeam "Rey Ahogado"]
[WhiteTeamCountry "ESP"]
[BlackTeamCountry "ESP"]

1. e4 g6 2. d4 Bg7 3. Nf3 d6 4. Bc4 Nf6 5. Nc3 0-0 6. 0-0 Nxe4 7. Nxe4 d5 8. Bd3 dxe4 9. Bxe4 c5 10. dxc5 Qc7 11. c3 Qxc5 12. Be3 Qc7 13. Qc2 Nd7 14. Rad1 Nf6 15. Bd3 Ng4 16. Bg5 Be6 17. h3 Nf6 18. Rfe1 Rac8 19. Rxe6 fxe6 20. Nd4 Qe5 21. Bd2 Nd5 22. Re1 Qxd4 23. cxd4 Rxc2 24. Bxc2 Bxd4 25. Re2 Kf7 26. Bb3 Ke8 27. Bg5 Rf5 28. h4 Nc7 29. Bxe6 Rxf2 30. Rxf2 Bxf2+ 31. Kxf2 Nxe6 32. Be3 a6 33. Kf3 Kd7 34. Ke4 Kd6 35. g4 Nd8 36. h5 Ke6 37. hxg6 hxg6 38. b3 Nf7 39. Bf4 Kd7 40. a4 Kc6 41. Be3 e5 42. b4 Kd6 43. Bc5+ Ke6 44. Be3 Nd6+ 45. Kd3 Kd5 46. Bc5 Ne4 47. Be3 Nf6 48. g5 Ng4 49. Bc5 e4+ 50. Kc3 b5 51. axb5 axb5 52. Be7 Ke5 53. Bd8 Kd5 54. Be7 Ne5 55. Bf6 Nf3 56. Be7 Ke5 57. Bf6+ Kf5 58. Bd8 Nxg5 0-1

[Event "Tenerife-chT Preferente"]
[Site "Tenerife"]
[Date "2021.05.15"]
[Round "6.3"]
[White "Machado Quintero, Gabriel"]
[Black "Oudeh Mishmesh, Omar"]
[Result "1/2-1/2"]
[WhiteElo "1481"]
[BlackElo "1918"]
[PlyCount "136"]
[EventDate "2021.02.27"]
[EventType "team-tourn"]
[EventRounds "14"]
[EventCountry "ESP"]
[SourceTitle "EXT 2023"]
[Source "ChessBase"]
[SourceDate "2022.10.05"]
[SourceVersion "1"]
[SourceVersionDate "2022.10.05"]
[SourceQuality "1"]
[WhiteTeam "Piratas La Orotava"]
[BlackTeam "Al Shah Mat Los Realejos"]
[WhiteTeamCountry "ESP"]
[BlackTeamCountry "ESP"]

1. e4 c6 2. d4 d5 3. exd5 cxd5 4. Bd3 Nc6 5. c3 Qc7 6. h3 e6 7. Nf3 Bd6 8. 0-0 Nf6 9. Re1 h6 10. Qe2 g5 11. Ne5 Bxe5 12. dxe5 Nd7 13. f4 b6 14. Na3 a6 15. Be3 Bb7 16. Nc2 Nc5 17. fxg5 Nxd3 18. Qxd3 0-0-0 19. Qe2 Rdg8 20. gxh6 Ne7 21. Nd4 Qxe5 22. Bd2 Qg3 23. Qf3 Qg6 24. Re2 Nc6 25. Rf1 Rh7 26. Ref2 Ne5 27. Qe2 Nc4 28. Bc1 Kb8 29. Rf6 Qe4 30. Qxe4 dxe4 31. Rxf7 e3 32. Rf8+ Rxf8 33. Rxf8+ Ka7 34. b3 Nd2 35. Re8 Rxh6 36. Rxe6 Rh8 37. Rxe3 Rg8 38. Re2 Ne4 39. Bb2 Ng3 40. Re7 Ka8 41. Ne6 Nf5 42. Re8+ Rxe8 43. Nc7+ Kb8 44. Nxe8 Kc8 45. c4 Kd7 46. Nf6+ Ke6 47. g4 Ne3 48. g5 Kf5 49. h4 Ng2 50. Ne8 Kg6 51. Nd6 Ba8 52. Kf2 Nxh4 53. Bd4 b5 54. cxb5 axb5 55. Nxb5 Kxg5 56. Nc7 Bb7 57. a4 Nf5 58. Bc5 Kf4 59. b4 Ke5 60. Ke2 Be4 61. Kd2 Nd4 62. Kc3 Ne6 63. Nxe6 Kxe6 64. Kc4 Kd7 65. Kb5 Kc8 66. Kb6 Kb8 67. a5 Bd3 68. b5 Bxb5 1/2-1/2

[Event "Tenerife-chT Preferente 1920"]
[Site "Tenerife"]
[Date "2019.11.30"]
[Round "1.4"]
[White "Machado Quintero, Gabriel"]
[Black "Oudeh Mishmesh, Omar"]
[Result "0-1"]
[WhiteElo "1442"]
[BlackElo "1771"]
[PlyCount "128"]
[EventDate "2019.11.30"]
[EventType "team-tourn"]
[EventRounds "14"]
[EventCountry "ESP"]
[SourceTitle "CBM 195 Extra"]
[Source "ChessBase"]
[SourceDate "2020.05.31"]
[SourceVersion "1"]
[SourceVersionDate "2020.05.31"]
[SourceQuality "1"]
[WhiteTeam "Puerto de la Cruz Piratas"]
[BlackTeam "Al Shah Mat Los Realejos"]
[WhiteTeamCountry "ESP"]
[BlackTeamCountry "ESP"]

1. e4 e6 2. d4 d5 3. exd5 exd5 4. Bd3 Nc6 5. c3 Bd6 6. h3 Nge7 7. Nf3 Be6 8. 0-0 Qd7 9. Qc2 f6 10. Nbd2 0-0-0 11. Re1 g5 12. b4 Bf5 13. b5 Bxd3 14. Qxd3 Nb8 15. c4 c6 16. c5 Bc7 17. Rb1 Rdg8 18. Kf1 g4 19. Ng1 Ng6 20. Qb3 cxb5 21. Qxb5 Qxb5+ 22. Rxb5 Nc6 23. Bb2 Nf4 24. hxg4 Rxg4 25. g3 Nd3 26. Rb1 Nxb2 27. R1xb2 Ba5 28. Ndf3 Bc3 29. Rb1 Nxd4 30. Nxd4 Bxd4 31. Rxb7 Rd8 32. c6 Bb6 33. Ke2 Re4+ 34. Kd3 Rd4+ 35. Kc3 Rc4+ 36. Kd3 Rd4+ 37. Kc3 Rc4+ 38. Kd3 Rxc6 39. Rxh7 Bxf2 40. Ne2 Bb6 41. Rb2 d4 42. Rb1 Re8 43. Nxd4 Rd6 44. Rb4 Red8 45. Rh4 f5 46. Kc3 Ba5 47. Nxf5 Rd3+ 48. Kc4 Bxb4 49. Kxb4 Rf8 50. Rc4+ Kb7 51. g4 Kb6 52. Re4 Rf6 53. Rc4 Re6 54. Rf4 Re5 55. Nd4 a5+ 56. Kc4 Ra3 57. Rf6+ Kb7 58. Rf2 Ra4+ 59. Kc3 Re4 60. Rf7+ Kc8 61. Rf8+ Kd7 62. Nb3 Ke7 63. Rf5 Rxa2 64. Nxa5 Rxg4 0-1

[Event "Tenerife-chT Segunda-A 1819"]
[Site "Tenerife"]
[Date "2019.03.23"]
[Round "11.1"]
[White "Beltran Monzo, Javier"]
[Black "Machado Quintero, Gabriel"]
[Result "1/2-1/2"]
[WhiteElo "1345"]
[BlackElo "1441"]
[PlyCount "79"]
[EventDate "2018.11.24"]
[EventType "team-tourn"]
[EventRounds "14"]
[EventCountry "ESP"]
[SourceTitle "CBM 189 Extra"]
[Source "ChessBase"]
[SourceDate "2019.06.03"]
[SourceVersion "1"]
[SourceVersionDate "2019.06.03"]
[SourceQuality "1"]
[WhiteTeam "Laguna Cotolec"]
[BlackTeam "Puerto de la Cruz Piratas"]
[WhiteTeamCountry "ESP"]
[BlackTeamCountry "ESP"]

1. e4 c5 2. Nf3 Nc6 3. d4 cxd4 4. Nxd4 Nf6 5. Nc3 e5 6. Nb3 Be7 7. Be2 d6 8. 0-0 0-0 9. Be3 Be6 10. Kh1 d5 11. exd5 Nxd5 12. Nxd5 Qxd5 13. Qxd5 Bxd5 14. f3 Nb4 15. Bd1 Bc4 16. Rf2 Rfd8 17. a3 Nd5 18. Bd2 Rac8 19. Rc1 Bxb3 20. cxb3 Rxc1 21. Bxc1 Nc3 22. Bc2 Nb5 23. Be3 Nd4 24. Bxd4 exd4 25. Bd3 Rc8 26. Rc2 Rxc2 27. Bxc2 Bg5 28. Kg1 Bc1 29. Kf1 Bxb2 30. a4 Kf8 31. Ke2 Ke7 32. Be4 b6 33. Kd3 h6 34. Kc4 Kd6 35. Kb5 Kc7 36. Ka6 Kb8 37. Kb5 Bc3 38. Ka6 Bb4 39. g4 Bc5 40. Kb5 1/2-1/2

[Event "Tenerife-chT Segunda-A 1819"]
[Site "Tenerife"]
[Date "2019.01.26"]
[Round "6.1"]
[White "Machado Quintero, Gabriel"]
[Black "Cortes Cardenas, Giovanni"]
[Result "1/2-1/2"]
[WhiteElo "1441"]
[BlackElo "1437"]
[PlyCount "75"]
[EventDate "2018.11.24"]
[EventType "team-tourn"]
[EventRounds "14"]
[EventCountry "ESP"]
[SourceTitle "CBM 189 Extra"]
[Source "ChessBase"]
[SourceDate "2019.06.03"]
[SourceVersion "1"]
[SourceVersionDate "2019.06.03"]
[SourceQuality "1"]
[WhiteTeam "Puerto de la Cruz Piratas"]
[BlackTeam "Al Shah Mat Los Realejos"]
[WhiteTeamCountry "ESP"]
[BlackTeamCountry "ESP"]

1. e4 c5 2. Nf3 Nc6 3. d4 cxd4 4. Nxd4 d6 5. Nc3 e6 6. Be2 Nf6 7. 0-0 Be7 8. Be3 e5 9. Nb3 0-0 10. Qd2 Qc7 11. Rad1 a6 12. Na4 Nd7 13. Bg4 b5 14. Bxd7 bxa4 15. Bxc8 Raxc8 16. Nc1 Qa5 17. Ne2 Qxd2 18. Rxd2 Nb4 19. c3 Nc6 20. Ng3 g6 21. Rfd1 Na5 22. Rc2 Kg7 23. c4 Rxc4 24. Re2 Rfc8 25. Bd2 Nb7 26. Bc3 Nc5 27. a3 Ne6 28. f3 Nc7 29. Bb4 Nb5 30. Rdd2 Bg5 31. Rd3 Nd4 32. Rf2 Be7 33. Bc3 Nb5 34. Ne2 Bd8 35. Rf1 Bh4 36. Kh1 Nd4 37. Nc1 Nb5 38. Ne2 1/2-1/2